<The> making of economic policy <a> transaction-cost politics perspective
Gespeichert in:
| 1. Verfasser: | |
|---|---|
| Format: | Buch |
| Sprache: | Englisch |
| Veröffentlicht: |
Cambridge
<The> MIT Press
1999
|
| Schriftenreihe: | Munich lectures in economics
|
| Schlagworte: | |
| Tags: |
Keine Tags, Fügen Sie das erste Tag hinzu!
|
MARC
| LEADER | 00000nam a2200000 4500 | ||
|---|---|---|---|
| 001 | 0144777 | ||
| 005 | 20240111125019.5 | ||
| 020 | |a 978-0-262-54098-8 | ||
| 041 | 0 | |a eng | |
| 044 | |a US | ||
| 245 | 1 | 0 | |a <The> making of economic policy |b <a> transaction-cost politics perspective |c Avinash K. Dixit |
| 264 | 1 | |a Cambridge |b <The> MIT Press |c 1999 | |
| 300 | |a 192 s. | ||
| 490 | 1 | |a Munich lectures in economics | |
| 830 | 0 | |a Munich lectures in economics | |
| 610 | 2 | 0 | |a ekonómia |
| 610 | 2 | 0 | |a veda ekonomická |
| 610 | 2 | 0 | |a náklady |
| 610 | 2 | 0 | |a obchod |
| 610 | 2 | 0 | |a porovnanie medzinárodné |
| 610 | 2 | 0 | |a dane |
| 610 | 2 | 0 | |a výdavky |
| 610 | 2 | 0 | |a politika obchodná |
| 610 | 2 | 0 | |a štúdie prípadové |
| 100 | 1 | |a Dixit, Avinash K. | |